Study of Employee Engagement (Record no. 69405)

MARC details
000 -LEADER
fixed length control field 00392nam a2200145Ia 4500
008 - FIXED-LENGTH DATA ELEMENTS--GENERAL INFORMATION
fixed length control field 221007s9999 xx 000 0 und d
041 ## - LANGUAGE CODE
Language code of text/sound track or separate title eng
082 ## - DEWEY DECIMAL CLASSIFICATION NUMBER
Item number LON
100 ## - MAIN ENTRY--PERSONAL NAME
Personal name Lonkar Parnavi - 2K111078 & Prof. Pranita Sonar - Guide
9 (RLIN) 102244
245 ## - TITLE STATEMENT
Title Study of Employee Engagement
260 ## - PUBLICATION, DISTRIBUTION, ETC. (IMPRINT)
Date of publication, distribution, etc. 2013
Name of publisher, distributor, etc. Pune University
Place of publication, distribution, etc. Pune
300 ## - PHYSICAL DESCRIPTION
Extent 68p
520 ## - SUMMARY, ETC.
Summary, etc. Sonar Pranita
906 ## - LOCAL DATA ELEMENT F, LDF (RLIN)
b General
Holdings
Withdrawn status Lost status Damaged status Not for loan Home library Current library Date acquired Vendor Total Checkouts Full call number Barcode Date last seen Bill Date Koha item type Original Barcode
        Smt. Hiraben Nanavati Institute of Management & Research for Women Smt. Hiraben Nanavati Institute of Management & Research for Women 13/08/2013 Satya Gilani   LON HIMR-PR-511 07/10/2022 13/08/2013 Project Reports PR0511